000 00731nam a2200193 i 4500
001 188232
003 SpMaBN
005 20251014063303.0
008 180626s1845 sp |||| | spa d
080 _a821.133.1-31"18"
100 1 _aSue, Eugène,
_d1804-1857
_9132950
245 1 3 _aEl judío errante /
_cnovela escrita en francés por Eugenio Sue ; traducida por D. Wenceslao Ayguals de Izco.
260 _aMadrid :
_bSociedad Literaria,
_c1845 (
_fImp. de D. Wenceslao Ayguals de Izco)
300 _a2 t. en 1 v. (228, 203 p.) ;
_c13 cm.
505 8 _aContiene: tomo XV - tomo XVI
700 1 _aAyguals de Izco, Wenceslao,
_d1801-1873
_9125761
852 _aES-MaACL
_jL-32092
_zEnc. pasta
999 _c188232
_d188232